Things Meat Loaf WOULD Do For Love Quiz Stats

 Plays Quiz Updated Mar 8, 2016

Challenge
Share
Tweet
Embed
Score 0/30 Timer 03:00
5 Plays Today
% Correct
???
87.3%
???
84.8%
???
82.7%
???
81.1%
???
79.9%
???
79.9%
???
77.2%
???
77.2%
???
77.2%
???
77%
???
75.8%
???
74.6%
???
74.5%
???
73.4%
???
72.1%
% Correct
???
71.8%
???
71.7%
???
70.9%
???
70.4%
???
70.3%
???
69.5%
???
69.1%
???
69%
???
68.9%
???
68.4%
???
68.4%
???
67.8%
???
67.6%
???
67.4%
???
67.3%

You're not logged in!

Compare scores with friends on all Sporcle quizzes.
Join for Free
OR
Log In

You Might Also Like...

Show Comments

Extras

Top Quizzes Today


Score Distribution

Your Account Isn't Verified!

In order to create a playlist on Sporcle, you need to verify the email address you used during registration. Go to your Sporcle Settings to finish the process.

Report this User

Report this user for behavior that violates our Community Guidelines.

Details: